La dinámica de lo inconsciente /

Obra completa del psicoanalista Carl Gustav Jung compuesta, en esta editorial, por 20 tomos que reúnen todo el material publicado por Jung en vida, un escrito póstumo, así como sus participaciones en seminarios, entrevistas y el epistolario que mantuvo con Freud a lo largo de su vida. Y un tomo comp...

Szczegółowa specyfikacja

Zapisane w:
Opis bibliograficzny
1. autor: Jung, Carl Gustav (autor)
Kolejni autorzy: Galán Santamaría, Enrique (introducción) (introducción)
Format: Książka
Język:hiszpański
Wydane: Madrid, España : Trotta : Fundación C.G. Jung, 2004, c2004
Seria:(Obra Completa de C.G Jung ; 8)
Hasła przedmiotowe:
Etykiety: Dodaj etykietę
Nie ma etykietki, Dołącz pierwszą etykiete!

MARC

LEADER 00000nam^a2200000^a^4500
001 000170881
005 20250521000000.0
009 20260310101324.532
037 |a Acervo ITESO - Biblioteca 
041 |a ESP 
082 |a 150. 1954  |b JUN OBR TRO V. 8 
100 |a Jung, Carl Gustav  |e (autor) 
240 1 1 |a [Obra completa de Carl Gustav Jung] 
245 1 3 |a La dinámica de lo inconsciente /  |c C.G. Jung ; introd. de E. Galán Santamaría ; tr. por Dolores Abalos. 
264 4 |a Madrid, España :  |b Trotta :  |b Fundación C.G. Jung,  |c 2004, c2004 
300 |a XXX, 583 p. 
336 |a texto  |b txt  |2 rdacontenido 
337 |a sin mediación  |b n  |2 rdamedio 
338 |a volumen  |b nc  |2 rdasoporte 
440 1 |a (Obra Completa de C.G Jung ;  |v 8) 
500 |a Traducción de: Die Dinamik des Unbewussten 
520 |a Obra completa del psicoanalista Carl Gustav Jung compuesta, en esta editorial, por 20 tomos que reúnen todo el material publicado por Jung en vida, un escrito póstumo, así como sus participaciones en seminarios, entrevistas y el epistolario que mantuvo con Freud a lo largo de su vida. Y un tomo complementario que compila algunos encuetros con diversos intelectuales. En este tomo 8 se aborda la energía desde la psicología, así como también la subjetividad, la entropía y la función de lo trascendente en la conceptualización de la realidad. 
545 0 |a Carl Gustav Jung (1875-1961) fue un psiquiatra y escritor suizo, fundador de la psicología analítica; hijo de un pastor protestante, desde joven rechazaba la aceptación acrítica del dato revelado en el campo religioso; abordaba entonces serios estudios en el terreno de la filosofía y de las religiones y se perfilaban las orientaciones epistemológicas que habrían de guiar su pensamiento. Fue pionero de la psicología profunda: su abordaje teórico y clínico enfatizó la conexión funcional entre la estructura de la psique y la de sus productos, es decir, sus manifestaciones culturales; incorporó en su metodología nociones procedentes de la antropología, la alquimia, el arte, la mitología, la religión y la filosofía. Colaboró con Sigmund Freud hasta 1913. Algunas de sus obras son: Estudios diagnósticos de la asociación (1906); Psicología de la demencia precoz (1907), en la que formula la hipótesis del origen de la esquizofrenia; El contenido de la psicosis (1914); Transformaciones y símbolos de la libido (1912); Los tipos psicológicos (1921); La energética del alma (1928); también el comentario psicológico a El secreto de la flor de oro, antiguo texto chino de alquimia taoísta; Psicología y religión (1940); Psicología y alquimia (1944); Psicología de la transferencia (1946); El yo y el inconsciente (1945); y Respuesta a Job (1952). 
649 |a XX 
650 |a Fuerza y Energía -  |x Filosofía 
650 |a Entropía 
650 |a Subjetividad (Psicología) 
650 |a Alma y Cuerpo 
650 |a Libido 
650 |a Instintos 
650 |a Sexualidad 
650 |a Arquetipos 
650 |a Misticismo 
650 |a Cosmovisión 
650 |a Simbolismo 
650 |a Inconsciente 
650 |a Trascendencia 
650 |a Astrología 
650 |a Psicología Cognitiva 
650 |a Fenomenología 
650 |a Psicoanálisis Junguiano 
650 |a Psicoanálisis No Freudiano 
650 |a Psicoanálisis 
700 |a Galán Santamaría, Enrique  |e (introducción) 
910 |a Fondo General 
920 |a Impresos - Libros 
930 |a Colección General 
905 |a 101 
901 |a 0500107683  |b IT1  |c ACC  |u 20250521 
902 |a https://opac.biblio.iteso.mx/vufind/Record/000170881